Open Data Biblioteca Nacional de Portugal


República Portuguesa: Ministério da Cultura
Biblioteca Nacional de Portugal

Catálogo da BNP: acesso por Identificadores Unívocos
Registos Bibliográficos associados ao registo de autoridade

Etiqueta de registo: 00254nam 2200025 450
001 2286955
003 http://id.bnportugal.gov.pt/bib/catbnp/2286955
010 ## $a978-989-570-657-0
021 ## $aPT$b561786/26
100 ## $a20260527d2026 m y0pory01030103ba
101 1# $apor$cita
102 ## $aPT
105 ## $ay z 000yy
106 ## $ar
200 1# $aDias de vidro$fNicoletta Verna$gtrad. Filipa Ramalho
205 ## $a1º ed
210 #9 $a[S.l.]$cAlma dos Livros,$d2026
215 ## $a383 p.$d24 cm
304 ## $aTít. orig.: I giorni di vetro
700 #1 $aVerna,$bNicoletta,$f1976-$31999374
702 #1 $aRamalho,$bFilipa$4730$31938756
801 #0 $aPT$bBN$gRPC
966 ## $lBN$mFGMON$x1
966 ## $lBN$mFGMON$x1
971 ## $corlando$d20260527

OpendataBNP@bnportugal.pt | Mais informação sobre acesso aos dados BNP